000
00203 a2200097 4500
001
26443
100
_a
Collet, C U
245
_a
Engineering Measurements
260
_a
_b
Pitman
_c
090
_c
17779
_d
17779
942
_a
NUST-CAE
_c
M
_c
8645
999
_c
261516
_d
261516